000 00457nam a22001817a 4500
003 NUST - PNEC
005 20170116180918.0
008 150904b xxu||||| |||| 00| 0 eng d
020 _a8120311329
040 _cLIBRARY
082 _a620.7 BUR
100 _97581
_aBurr, Arthur H.
245 _aMechanical analysis and design
_cArthur H. Burr
250 _a2nd ed.
260 _cc.1995
650 _97585
_bMechanical Engineering
_xME
942 _2ddc
_cBK
999 _c65529
_d65529